000 00223 a2200097 4500
001 14543
100 _aSadar-ud-Din Islahi
245 _aAsas Din ki Tameer
260 _aLahore
_bIslamic Publishers
_c
090 _c11372
_d11372
942 _aNUST-CAE
_cM
_c1528
999 _c249616
_d249616